Statistics for Warsaw Metro Stations on a Map

Click here to take the quiz!

General Stats

  • This quiz has been taken 193 times
  • The average score is 23 of 34

Answers on the Map

Answers color-coded by a green-red scale on the quiz's map according to % correct below.
 

Answer Stats

Answer% Correct
Centrum
88%
Kabaty
86%
Świętokrzyska
86%
Świętokrzyska
86%
Młociny
84%
Rondo ONZ
75%
Centrum Nauki Kopernik
73%
Stadion Narodowy
73%
Dworzec Gdański
72%
Rondo Daszyńskiego
72%
Pole Mokotowskie
71%
Politechnika
71%
Marymont
69%
Natolin
69%
Ratusz Arsenał
67%
Imielin
66%
Księcia Janusza
66%
Racławicka
64%
Trocka
64%
Dworzec Wileński
62%
Nowy Świat-Uniwersytet
62%
Plac Wilsona
62%
Ursynów
62%
Stare Bielany
60%
Wawrzyszew
60%
Wilanowska
60%
Służew
59%
Stokłosy
59%
Targówek Mieszkaniowy
59%
Wierzbno
59%
Płocka
58%
Słodowiec
56%
Szwedzka
55%
Młynów
50%

Score Distribution

Percentile by Number Answered

Percent of People with Each Score

Your Score History

You have not taken this quiz